Statistiken für Sachsen-Anhalt - Quiz

Klicken Sie hier um das Quiz zu spielen!

Allgemein

  • Dieses Quiz wurde 4.249 mal gespielt
  • Das Durchschnittsergebnis liegt bei 9 aus 20

Antwortstatistiken

HinweisAntwort% Korrekt
HauptstadtMagdeburg
97%
Größte StadtHalle
81%
Größter FlussElbe
74%
Der zuvor gefragte Berg liegt in diesem GebirgeHarz
70%
Martin Luther nagelte in dieser Stadt 95 Thesen an die KirchtürWittenberg
69%
Höchster BergBrocken
64%
Zweitgrößter FlussSaale
61%
Sachsen-Anhaltische SektmarkeRotkäppchen
42%
Hauptstadt des ehemaligen Landes AnhaltDessau
41%
Stadt die sich neben ihren zahlreichen Welterbestätten auch durch ihren Anfangsbuchstaben auszeichnetQuedlinburg
35%
Philosoph aus Röcken
"Gott ist tot"
Friedrich Nietzsche
32%
Kanzler aus Schönhausen in der oben gefragten Region
1867-1890
Otto von Bismarck
31%
Kuchenspezialität aus SalzwedelBaumkuchen
26%
Bis 1992 angrenzendes BundeslandMecklenburg-Vorpommern
25%
Teil dieser Stadt und größte Plattenbaustadt der DDRHalle-Neustadt
24%
Brauerei aus WernigerodeHasseröder
24%
MinisterpräsidentReiner Haseloff
24%
Region im Norden Sachsen-Anhalts
Altmark
23%
Herrschergeschlecht der Anhaltischen Herzogtümer und bis 1320 der Mark BrandenburgAskanier
6%
In der oben gefragten Stadt geborener führender Philosoph der Haskala (Jüdische Aufklärung)Moses Mendelssohn
5%

Verteilung der Resultate

Perzentil nach korrekt beantworteten Fragen

Anzahl Personen mit jedem Resultat

Ihre Resultats-Entwicklung

Sie haben dieses Quiz noch nicht gespielt